| 000 | 01456cam a2200397 i 4500 | ||
|---|---|---|---|
| 001 | 20840121 | ||
| 003 | OSt | ||
| 005 | 20260526094953.0 | ||
| 006 | m |o d | | ||
| 007 | cr_||||||||||| | ||
| 008 | 190205s2019 ilu ob 000 0 eng | ||
| 010 | _a 2019005724 | ||
| 020 |
_a9780830872688 _q(eBook) |
||
| 020 |
_z9780830846528 _q(hardcover : alk. paper) |
||
| 035 | _a20840121 | ||
| 040 |
_aDLC _beng _erda _cDLC _dDLC |
||
| 042 | _apcc | ||
| 050 | 1 | 0 | _aBV4597.565 |
| 082 | 0 | 0 |
_a248.4/6 _223 |
| 100 | 1 |
_aTygrett, Casey, _d1977- _eauthor. |
|
| 245 | 1 | 0 |
_aAs I recall : _bdiscovering the place of memories in our spiritual life / _cCasey Tygrett. |
| 264 | 1 |
_aDowners Grove, Illinois : _bIVP Books, an imprint of InterVarsity Press, _c[2019] |
|
| 300 | _a1 online resource. | ||
| 336 |
_atext _btxt _2rdacontent |
||
| 337 |
_acomputer _bc _2rdamedia |
||
| 338 |
_aonline resource _bcr _2rdacarrier |
||
| 504 | _aIncludes bibliographical references. | ||
| 588 | _aDescription based on print version record and CIP data provided by publisher. | ||
| 650 | 0 |
_aMemory _xReligious aspects _xChristianity. |
|
| 650 | 0 | _aEarly memories. | |
| 650 | 0 |
_aSpiritual life _xChristianity. |
|
| 776 | 0 | 8 |
_iPrint version: _aTygrett, Casey, 1977- author. _tAs I recall _dDowners Grove : InterVarsity Press, 2019 _z9780830846528 _w(DLC) 2018059519 |
| 906 |
_a7 _bcbc _corigcop _d1 _eecip _f20 _gy-gencatlg |
||
| 942 |
_2lcc _cBK |
||
| 999 |
_c21643 _d21642 |
||